KVB Köln: Linie 17 - Statistiken

Allgemein
  • Dieses Quiz wurde 142 mal gespielt
  • Das Durchschnittsergebnis liegt bei 9 aus 11
Antwortstatistiken
Haltestelle % Korrekt
Chlodwigplatz
98%
Severinstraße
96%
Rodenkirchen Bahnhof
94%
Sürth Bahnhof
93%
Bonner Wall
90%
Bayenthalgürtel
83%
Schönhauser Straße
83%
Heinrich-Lübke-Ufer
79%
Michaelshoven
78%
Siegstraße
74%
Kartäuserhof
70%
Keine übereinstimmenden Quizze gefunden
Verteilung der Resultate
Anzahl Personen mit jedem Resultat
Perzentil nach korrekt beantworteten Fragen
Ihre Resultats-Entwicklung
Sie haben dieses Quiz noch nicht gespielt